000 00779nam a2200289Ia 4500
005 20260324132549.0
008 008 260324s9999 xx 000 0 eng d
020 _a9780429068294
037 _aEBOOK
040 _aCRL
040 _beng
040 _cCRL
041 _2eng
041 _aeng
084 _qCRL
100 _aR. Sack; M. Christen; P. Bartelt; E. Adams; A. Sato
_91189766
245 0 _aSnow Engineering V
245 0 _bProceedings of the Fifth International Conference on Snow Engineering, 5-8 July 2004, Davos, Switzerland
260 _bTaylor and Francis
260 _c2004
365 _a
365 _b560
856 _uhttp://www.taylorfrancis.com/books/9780429068294
942 _cEBOOK
999 _c1787982
_d1787982